[Event "CAN-ch U18"]
[Site "Ottawa"]
[Date "2007.07.04"]
[Round "4"]
[White "Davidson, Benjamin"]
[Black "Tam, Timothy"]
[Result "1-0"]
[WhiteElo "1728"]
[BlackElo "1876"]
[PlyCount "107"]
[EventDate "2007.07.03"]
[EventType "swiss"]
[EventRounds "6"]
[EventCountry "CAN"]
[SourceTitle "EXT 2022"]
[Source "ChessBase"]
[SourceDate "2021.10.06"]
[SourceVersion "1"]
[SourceVersionDate "2021.10.06"]
[SourceQuality "1"]

1. e4 c5 2. Nf3 e6 3. d4 cxd4 4. Nxd4 Nf6 5. Nc3 Nc6 6. Be2 Be7 7. 0-0 0-0 8. Kh1 a6 9. f4 d5 10. e5 Nd7 11. Be3 Qc7 12. Bd3 Nxd4 13. Bxd4 Bc5 14. Ne2 b5 15. c3 Bb7 16. Rf3 f6 17. exf6 Nxf6 18. Qc2 Ne4 19. Raf1 Bd6 20. Ng3 Rxf4 21. Rxf4 Bxf4 22. Nxe4 dxe4 23. Bxe4 Bxe4 24. Qxe4 Rf8 25. Qxe6+ Qf7 26. Qg4 g5 27. g3 h5 28. Qe2 Qd5+ 29. Kg1 Bd6 30. Rxf8+ Bxf8 31. Qxh5 Qf5 32. b4 Qb1+ 33. Kg2 Qxa2+ 34. Kh3 Qe6+ 35. Qg4 Qg6 36. Qf3 Qe6+ 37. g4 Qh6+ 38. Kg2 Qe6 39. Kf2 Qa2+ 40. Qe2 Qf7+ 41. Ke1 Qd5 42. Qe5 Qh1+ 43. Kd2 Qg2+ 44. Kc1 Qf1+ 45. Kb2 Qg2+ 46. Ka3 Qf1 47. Qxg5+ Kh7 48. Qf5+ Qxf5 49. gxf5 a5 50. Bc5 axb4+ 51. Kxb4 Bg7 52. Bd4 Bf8+ 53. Kxb5 Bd6 54. h3 1-0

[Event "CAN-ch U18"]
[Site "Ottawa"]
[Date "2007.07.04"]
[Round "3"]
[White "Lecquyer, Jason"]
[Black "Davidson, Benjamin"]
[Result "0-1"]
[WhiteElo "1265"]
[BlackElo "1728"]
[PlyCount "45"]
[EventDate "2007.07.03"]
[EventType "swiss"]
[EventRounds "6"]
[EventCountry "CAN"]
[SourceTitle "EXT 2022"]
[Source "ChessBase"]
[SourceDate "2021.10.06"]
[SourceVersion "1"]
[SourceVersionDate "2021.10.06"]
[SourceQuality "1"]

1. g3 d5 2. Bg2 c5 3. e3 Nf6 4. b3 Nc6 5. d3 e5 6. Nd2 a5 7. Bb2 g6 8. Ne2 a4 9. a3 b5 10. Qc1 Bg7 11. c4 bxc4 12. bxc4 Ra6 13. cxd5 Nxd5 14. Qxc5 Nce7 15. Nc4 0-0 16. Nxe5 Ra5 17. Qc2 Nxe3 18. fxe3 Bxe5 19. Bxe5 Rxe5 20. Kd2 Nf5 21. Bh3 Nxe3 22. Qxc8 Qg5 23. Qc3 0-1